00505nam a2200169Ia 4500008004100000020001500041040001200056082001400068100004800082245004500130250001200175260004100187300001400228942000700242999001500249952007100264200103s9999||||xx |||||||||||||| ||und|| a007100193X aIMU-MPC aColumn-31 aBeer, Ferdinand P. and Johnston, E. Russell 0aVector Mechanics for Engineers: Dynamics a5th Ed. bMcGraw-Hill Book Company, Inc.c1988 axxi, 1047 cBK c7572d7572 0010407098600cColumn-31d2020-01-08pMPCGEC172r2025-03-17yBK